<?xml version="1.0" encoding="UTF-8"?>
<record
    xmlns:xsi="http://www.w3.org/2001/XMLSchema-instance"
    xsi:schemaLocation="http://www.loc.gov/MARC21/slim http://www.loc.gov/standards/marcxml/schema/MARC21slim.xsd"
    xmlns="http://www.loc.gov/MARC21/slim">

  <leader>00489nam a2200157Ia 4500</leader>
  <controlfield tag="003">IQ-KOUCL</controlfield>
  <datafield tag="041" ind1=" " ind2=" ">
    <subfield code="a">Kurdish</subfield>
  </datafield>
  <datafield tag="082" ind1=" " ind2=" ">
    <subfield code="a">810,812 cut-239 &#x646;</subfield>
  </datafield>
  <datafield tag="100" ind1=" " ind2=" ">
    <subfield code="a">20260118u\\\\\\\\\\\y0engy0103\\\\ba</subfield>
  </datafield>
  <datafield tag="100" ind1=" " ind2=" ">
    <subfield code="a">&#x633;&#x627;&#x645;&#x64A; &#x646;&#x627;&#x62C;&#x64A;</subfield>
  </datafield>
  <datafield tag="245" ind1=" " ind2="0">
    <subfield code="a">&#x627;&#x644;&#x627;&#x628;&#x631;&#x627;&#x643;&#x64A;&#x646; &#x627;&#x644;&#x645;&#x62D;&#x645;&#x648;&#x644;&#x629; &#x641;&#x64A; &#x627;&#x644;&#x627;&#x64A;&#x62F;&#x64A; &#x642;&#x631;&#x627;&#x621;&#x629; &#x641;&#x64A; &#x62A;&#x62C;&#x631;&#x628;&#x629; &#x633;&#x631;&#x643;&#x648;&#x646; &#x628;&#x648;&#x644;&#x635; &#x627;&#x644;&#x634;&#x639;&#x631;&#x64A;&#x629;</subfield>
  </datafield>
  <datafield tag="250" ind1=" " ind2=" ">
    <subfield code="a">&#x686;1</subfield>
  </datafield>
  <datafield tag="260" ind1=" " ind2=" ">
    <subfield code="b">&#x645;&#x646;&#x634;&#x648;&#x631;&#x627;&#x62A; &#x627;&#x64A;&#x643;&#x627;&#x631;</subfield>
    <subfield code="a">&#x628;&#x63A;&#x62F;&#x627;&#x62F; -&#x627;&#x644;&#x639;&#x631;&#x627;&#x642;</subfield>
    <subfield code="c">2023</subfield>
  </datafield>
  <datafield tag="300" ind1=" " ind2=" ">
    <subfield code="a">151</subfield>
  </datafield>
  <datafield tag="942" ind1=" " ind2=" ">
    <subfield code="c">Bk</subfield>
  </datafield>
  <datafield tag="999" ind1=" " ind2=" ">
    <subfield code="c">186727</subfield>
    <subfield code="d">186727</subfield>
  </datafield>
  <datafield tag="952" ind1=" " ind2=" ">
    <subfield code="0">0</subfield>
    <subfield code="1">0</subfield>
    <subfield code="4">0</subfield>
    <subfield code="7">0</subfield>
    <subfield code="8">810 - 819</subfield>
    <subfield code="a">KOYUCL</subfield>
    <subfield code="b">KOYUCL</subfield>
    <subfield code="c">BK</subfield>
    <subfield code="d">2026-01-18</subfield>
    <subfield code="l">0</subfield>
    <subfield code="o">810,812 cut-239 &#x646;</subfield>
    <subfield code="p">0000090382</subfield>
    <subfield code="r">2026-01-18</subfield>
    <subfield code="t">1</subfield>
    <subfield code="w">2026-01-18</subfield>
    <subfield code="y">Bk</subfield>
  </datafield>
</record>
